00623nam a2200169 i 450000100060000000300090000600500170001500700030003200800410003504000200007610000340009624501870013026000460031730000450036365000250040885200200043348501ES-MaACL20251011063106.0t|950721s1857 sp ||||1| fre d aCAM bspa cCAM1 aDelgado, Antonio, d1805-187910aCatalogue des monnaies et des médailles antiques du moyen age et des temps modernes... b: cabinet numismatique de feu Mr. Gustave Daniel de Lorichs / credige par Antonio Delgado. aMadrid : b[s.n.], c1857 (fRivadeneyra) a[7], 346 p., [1] h. de lám. ; c26 cm. 7aNumismática2embne aES-MaACLjA-697